000 00433nam a2200181Ia 4500
001 25168
005 20260414151132.0
008 260414t2008||||xx |||||||||||||| ||spa||
041 _aESP
082 _a346.3
_bA36 V.5
100 _aAlbaladejo, Manuel
_eAUT
245 0 _aCurso de derecho civil :
_bderecho de sucesiones
260 _c2008
300 _a
_c24 cm.
650 _aDER
654 _aCDE
942 _cLIB
_dJUS
_fJUS
_2ddc
_n
999 _c25168
_d25168